[Event "Titled Tuesday intern op 13th Feb Late"]
[Site "Chess.com INT"]
[Date "2024.02.13"]
[Round "7"]
[White "Fernandez, Maria Florencia"]
[Black "Kubicka, Anna"]
[Result "0-1"]
[WhiteElo "2091"]
[BlackElo "2278"]
[PlyCount "180"]
[EventDate "2024.02.13"]
[EventType "swiss (blitz)"]
[EventRounds "11"]
[EventCountry "USA"]
[SourceTitle "CB08_2024"]
[SourceDate "2024.02.21"]
[SourceVersion "1"]
[SourceVersionDate "2024.02.21"]
[SourceQuality "1"]

1. d4 Nf6 2. c4 c5 3. d5 e6 4. Nc3 exd5 5. cxd5 d6 6. e4 g6 7. f4 Bg7 8. Bb5+ Nfd7 9. a4 0-0 10. Nf3 Na6 11. 0-0 Nb4 12. Re1 a6 13. Bf1 Re8 14. h3 Nf8 15. Be3 Rb8 16. Bf2 Bd7 17. e5 Bf5 18. Rc1 h5 19. Bg3 Rc8 20. Nh4 Qd7 21. Nxf5 Qxf5 22. e6 fxe6 23. dxe6 d5 24. e7 Ne6 25. Nxd5 Nxd5 26. Bc4 Bd4+ 27. Kh2 Rxe7 28. Qb3 Ndc7 29. Qxb7 Rce8 30. Re2 Kf8 31. Rf1 Nd8 32. Qf3 Rxe2 33. Bxe2 Re3 34. Qf2 h4 35. Bxh4 Rxh3+ 36. gxh3 Bxf2 37. Rxf2 Nde6 38. Bg4 Qd3 39. f5 gxf5 40. Bxf5 Qd4 41. Bxe6+ Ke8 42. Bg4 Nd5 43. Re2+ Kf8 44. Bg3 Ne3 45. Rf2+ Kg7 46. Bh5 Qd5 47. Bf3 Qd4 48. Re2 Nf5 49. Bf2 Qf4+ 50. Kg2 Nh4+ 51. Bxh4 Qxh4 52. Re4 Qd8 53. b3 Qd2+ 54. Kg3 Qd3 55. Rg4+ Kf6 56. Rf4+ Ke5 57. Re4+ Kd6 58. Re8 Qxb3 59. Rd8+ Ke7 60. Ra8 Qxa4 61. Bb7 Qb3+ 62. Bf3 Qb6 63. Rc8 Qg6+ 64. Kf2 Qc2+ 65. Kg3 c4 66. Rc6 a5 67. h4 a4 68. h5 a3 69. Rc7+ Kd6 70. Rc6+ Kd7 71. h6 a2 72. Ra6 Qb2 73. h7 a1Q 74. Bg4+ Kc7 75. Rxa1 Qxa1 76. Kf4 Qh8 77. Bf5 Kd6 78. Ke3 Kc5 79. Kd2 Kb4 80. Kc2 c3 81. Bg6 Qd4 82. Bd3 Qg7 83. Be4 Qf6 84. Kd3 Qd6+ 85. Kc2 Qd2+ 86. Kb1 Qh2 87. Bc2 Ka3 88. Kc1 Qd2+ 89. Kb1 Qe1+ 90. Bd1 Qxd1# 0-1

[Event "Titled Tuesday intern op 13th Feb Late"]
[Site "Chess.com INT"]
[Date "2024.02.13"]
[Round "8"]
[White "Van Baar, Esper"]
[Black "Fernandez, Maria Florencia"]
[Result "1-0"]
[WhiteElo "2208"]
[BlackElo "2091"]
[PlyCount "71"]
[EventDate "2024.02.13"]
[EventType "swiss (blitz)"]
[EventRounds "11"]
[EventCountry "USA"]
[SourceTitle "CB08_2024"]
[SourceDate "2024.02.21"]
[SourceVersion "1"]
[SourceVersionDate "2024.02.21"]
[SourceQuality "1"]

1. e4 c5 2. Nf3 d6 3. Bb5+ Nd7 4. a4 a6 5. Be2 Ngf6 6. Nc3 g6 7. 0-0 Bg7 8. d3 0-0 9. a5 e5 10. Nd2 Ne8 11. Nc4 Nb8 12. Nb6 Ra7 13. Nxc8 Qxc8 14. Nd5 Nc6 15. c3 Qd8 16. b4 f5 17. Qb3 Kh8 18. f4 fxe4 19. dxe4 exf4 20. Nxf4 Qe7 21. bxc5 dxc5 22. Ne6 Rxf1+ 23. Bxf1 Be5 24. Bg5 Qf7 25. Bc4 Nd6 26. Rf1 Qxf1+ 27. Bxf1 Ra8 28. Nxc5 Nxa5 29. Qd5 Re8 30. Bf6+ Bxf6 31. Qxd6 Bxc3 32. Qd7 Re5 33. Ne6 h5 34. Qd8+ Kh7 35. Qe7+ Kh6 36. Qg7# 1-0

[Event "Titled Tuesday intern op 16th Jan Early"]
[Site "Chess.com INT"]
[Date "2024.01.16"]
[Round "7"]
[White "Fernandez, Maria Florencia"]
[Black "Reprintsev, Alexander"]
[Result "0-1"]
[WhiteElo "2074"]
[BlackElo "2234"]
[PlyCount "126"]
[EventDate "2024.01.16"]
[EventType "swiss (blitz)"]
[EventRounds "11"]
[EventCountry "USA"]
[SourceTitle "CB04_2024"]
[SourceDate "2023.10.16"]
[SourceVersion "1"]
[SourceVersionDate "2023.10.16"]
[SourceQuality "1"]

1. d4 d5 2. c4 e5 3. cxd5 Qxd5 4. e3 exd4 5. exd4 Nc6 6. Nf3 Bg4 7. Be3 Bxf3 8. gxf3 0-0-0 9. Nc3 Bb4 10. a3 Bxc3+ 11. bxc3 Nf6 12. Bg2 Na5 13. 0-0 Nc4 14. Bc1 Rhe8 15. Qd3 Nd6 16. Bf4 Qc4 17. Qc2 Re2 18. Qc1 Rde8 19. Rb1 Nf5 20. Rb4 Qd3 21. Rb2 Nd5 22. Be5 Rxb2 23. Qxb2 Qxc3 24. Qa2 c6 25. Bh3 g6 26. Bg2 Nh4 27. Bg3 Nxg2 28. Kxg2 Re1 29. Rxe1 Qxe1 30. Qc2 f5 31. Qc5 f4 32. Qf8+ Kc7 33. Bxf4+ Nxf4+ 34. Qxf4+ Kb6 35. Qd6 Qc3 36. Qd8+ Ka6 37. Qd6 Qc4 38. h4 Qd5 39. Qb4 b5 40. Qe7 Qxd4 41. Qxh7 Qf6 42. Kg3 c5 43. Qc7 c4 44. Qc8+ Ka5 45. Qc5 a6 46. Qb4+ Kb6 47. f4 Qc6 48. Qc3 a5 49. Kg4 Qg2+ 50. Qg3 Qxg3+ 51. fxg3 c3 52. h5 gxh5+ 53. Kxh5 c2 54. f5 c1Q 55. f6 Qc5+ 56. Kg6 Qxa3 57. g4 Qf8 58. g5 b4 59. Kf5 b3 60. g6 b2 61. g7 b1Q+ 62. Ke6 Qe4+ 63. Kd7 Qc6# 0-1

[Event "Titled Tuesday intern op 16th Jan Early"]
[Site "Chess.com INT"]
[Date "2024.01.16"]
[Round "10"]
[White "Toktomushev, Teimur"]
[Black "Fernandez, Maria Florencia"]
[Result "1-0"]
[WhiteElo "2249"]
[BlackElo "2074"]
[PlyCount "91"]
[EventDate "2024.01.16"]
[EventType "swiss (blitz)"]
[EventRounds "11"]
[EventCountry "USA"]
[SourceTitle "CB04_2024"]
[SourceDate "2023.10.16"]
[SourceVersion "1"]
[SourceVersionDate "2023.10.16"]
[SourceQuality "1"]

1. d4 Nf6 2. c4 g6 3. Nc3 Bg7 4. e4 d6 5. f3 0-0 6. Be3 e5 7. Nge2 a6 8. Qd2 c6 9. 0-0-0 Nbd7 10. Bh6 b5 11. h4 bxc4 12. h5 Qe7 13. hxg6 fxg6 14. Bxg7 Kxg7 15. Qh6+ Kg8 16. d5 cxd5 17. Nxd5 Nxd5 18. Rxd5 Nf6 19. Nc3 Nxd5 20. Bxc4 Be6 21. Nxd5 Qg7 22. Ne7+ Qxe7 23. Bxe6+ Kh8 24. Qxg6 Rae8 25. Bf5 Rf7 26. Kb1 Rg8 27. Qh6 Rfg7 28. g4 Rf8 29. g5 Kg8 30. g6 Rxf5 31. exf5 Qf6 32. gxh7+ Kf7 33. Qxf6+ Kxf6 34. h8Q Kf7 35. Rh6 Rg1+ 36. Kc2 Rg2+ 37. Kb3 Rg7 38. Rh7 Kf6 39. Qxg7+ Kxf5 40. Qg4+ Kf6 41. Rh6+ Ke7 42. Qe6+ Kd8 43. Rh8+ Kc7 44. Rc8+ Kb6 45. Qxd6+ Kb5 46. Qc5# 1-0

[Event "Roquetas de Mar op 35th"]
[Site "Roquetas de Mar"]
[Date "2024.01.06"]
[Round "8"]
[White "Fernandez, Maria Florencia"]
[Black "Cabezas Ayala, Ivan"]
[Result "0-1"]
[WhiteElo "2074"]
[BlackElo "2244"]
[PlyCount "102"]
[EventDate "2024.01.02"]
[EventType "swiss"]
[EventRounds "9"]
[EventCountry "ESP"]
[SourceTitle "CB02_2024"]
[SourceDate "2024.01.10"]
[SourceVersion "1"]
[SourceVersionDate "2024.01.10"]
[SourceQuality "1"]

1. d4 Nf6 2. c4 e6 3. Nc3 d5 4. cxd5 exd5 5. Bg5 c6 6. e3 h6 7. Bh4 Be7 8. Bd3 0-0 9. Qc2 Re8 10. Nf3 Nbd7 11. 0-0 Ne4 12. Bxe4 Bxh4 13. Bh7+ Kh8 14. Nxh4 Qxh4 15. Bd3 Qe7 16. Rab1 Nf6 17. b4 a6 18. a4 Be6 19. b5 axb5 20. axb5 c5 21. dxc5 Qxc5 22. Ne2 Qd6 23. Nd4 Ng4 24. Nf3 Rec8 25. Qb2 Ra3 26. Rfd1 Rxd3 27. Rxd3 Bf5 28. Qd4 Bxd3 29. Qxd3 Ne5 30. Qf5 Nxf3+ 31. Qxf3 Kg8 32. h3 Rc5 33. g4 g6 34. Kg2 Kg7 35. Rb4 b6 36. Qe2 Qe6 37. Qd3 Rc4 38. Rxc4 dxc4 39. Qd4+ Kh7 40. e4 Qc8 41. Qxb6 c3 42. Qa7 Qc4 43. b6 c2 44. b7 c1Q 45. b8Q Q4f1+ 46. Kf3 Qh1+ 47. Kg3 Qcg1+ 48. Kf4 Qhh2+ 49. Kf3 Qxh3+ 50. Ke2 Qgf1+ 51. Kd2 Qhd3# 0-1

[Event "Iberoamerican-ch 9th"]
[Site "Panama City"]
[Date "2023.11.28"]
[Round "5"]
[White "Guevara Ruiz, Santiago Jose"]
[Black "Fernandez, Maria Florencia"]
[Result "1/2-1/2"]
[WhiteElo "1885"]
[BlackElo "2099"]
[PlyCount "81"]
[EventDate "2023.11.25"]
[EventType "swiss"]
[EventRounds "9"]
[EventCountry "PAN"]
[SourceTitle "CB49_2023"]
[SourceDate "2023.12.06"]
[SourceVersion "1"]
[SourceVersionDate "2023.12.06"]
[SourceQuality "1"]

1. e4 c5 2. Nf3 d6 3. c4 Nf6 4. Nc3 g6 5. d4 cxd4 6. Nxd4 Bg7 7. Be2 0-0 8. Be3 Nc6 9. 0-0 Bd7 10. h3 Nxd4 11. Bxd4 Bc6 12. Qc2 a5 13. Rad1 Qc7 14. f4 a4 15. Kh1 Ra5 16. Qd3 Nd7 17. Bxg7 Kxg7 18. Qd4+ Kg8 19. Rc1 Rc5 20. b4 axb3 21. axb3 Qb6 22. Ra1 Qb4 23. Rfb1 Ra5 24. Rxa5 Qxa5 25. b4 Qb6 26. Qd3 Qf2 27. Rf1 Qh4 28. Qe3 b6 29. Ra1 Ra8 30. Rxa8+ Bxa8 31. Bg4 Nf6 32. Bf3 h5 33. Kg1 Qg3 34. Kf1 Kh7 35. Ne2 Qh2 36. Kf2 h4 37. Kf1 Qh1+ 38. Ng1 Qh2 39. Ne2 Qh1+ 40. Ng1 Qh2 41. Ne2 1/2-1/2

[Event "Iberoamerican-ch 9th"]
[Site "Panama City"]
[Date "2023.11.27"]
[Round "4"]
[White "Fernandez, Maria Florencia"]
[Black "Diaz Perez, Michel Alejandro"]
[Result "0-1"]
[WhiteElo "2099"]
[BlackElo "2459"]
[PlyCount "106"]
[EventDate "2023.11.25"]
[EventType "swiss"]
[EventRounds "9"]
[EventCountry "PAN"]
[SourceTitle "CB49_2023"]
[SourceDate "2023.12.06"]
[SourceVersion "1"]
[SourceVersionDate "2023.12.06"]
[SourceQuality "1"]

1. d4 Nf6 2. c4 e6 3. Nc3 Bb4 4. Qc2 b6 5. e4 c5 6. d5 Qe7 7. Nge2 exd5 8. exd5 Ne4 9. Be3 Nd6 10. Ng3 Qe5 11. 0-0-0 Bxc3 12. bxc3 0-0 13. Bd3 f5 14. Rde1 Qf6 15. h4 h6 16. Nh5 Qf7 17. Bf4 Ne4 18. Ng3 d6 19. Bxe4 fxe4 20. Bxd6 Rd8 21. Bxb8 Rxb8 22. Rxe4 b5 23. Rhe1 bxc4 24. R1e3 Qxd5 25. Re8+ Rxe8 26. Rxe8+ Kf7 27. Qe4 Qxe4 28. Rxe4 Rb5 29. Rxc4 Ra5 30. Ne4 Be6 31. Rxc5 Rxa2 32. h5 a5 33. Rc7+ Kg8 34. g3 a4 35. f4 a3 36. Ra7 Ra1+ 37. Kd2 a2 38. Nc5 Bd5 39. c4 Bxc4 40. Ra8+ Kf7 41. Ne4 Ke6 42. Nc3 Rg1 43. Nxa2 Bxa2 44. Ke2 Rg2+ 45. Kf1 Bd5 46. Ra6+ Kf7 47. Ra7+ Kg8 48. Rd7 Bc6 49. Rd6 Rc2 50. g4 Bg2+ 51. Ke1 Bf3 52. Rg6 Rg2 53. g5 Bxh5 0-1

[Event "Titled Tuesday intern op 24th Oct Late"]
[Site "Chess.com INT"]
[Date "2023.10.24"]
[Round "8"]
[White "Fernandez, Maria Florencia"]
[Black "Carrasco Miranda, Andres"]
[Result "1/2-1/2"]
[WhiteElo "2099"]
[BlackElo "2241"]
[PlyCount "208"]
[EventDate "2023.10.24"]
[EventType "swiss (blitz)"]
[EventRounds "11"]
[EventCountry "USA"]
[SourceTitle "Mega2024 Update 01"]
[Source "Chessbase"]
[SourceDate "2023.11.12"]
[SourceVersion "1"]
[SourceVersionDate "2023.11.12"]
[SourceQuality "1"]

1. d4 Nf6 2. c4 g6 3. Nc3 d5 4. cxd5 Nxd5 5. e4 Nxc3 6. bxc3 Bg7 7. Bc4 c5 8. Ne2 0-0 9. Be3 Nc6 10. 0-0 b6 11. Rc1 Qc7 12. Qd2 Bb7 13. Bf4 e5 14. Bg3 Na5 15. Bd3 Rad8 16. h4 Qe7 17. h5 exd4 18. h6 dxc3 19. Nxc3 Be5 20. Bxe5 Qxe5 21. Qe3 f5 22. Bb1 Nc4 23. Qe2 Nd2 24. Bc2 fxe4 25. Rfd1 Qg5 26. Nxe4 Nxe4 27. Bxe4 Bxe4 28. Qxe4 Rd4 29. Qe6+ Kh8 30. Re1 Qxh6 31. Rc2 Qg7 32. Rce2 Rdf4 33. f3 R4f7 34. Qe3 Qd4 35. Qxd4+ cxd4 36. Rd2 Rd7 37. Red1 Rfd8 38. Kf2 Kg7 39. Ke2 Kf6 40. Kd3 Ke5 41. Re1+ Kd5 42. Re4 Kc5 43. Rc2+ Kb5 44. Re5+ Ka6 45. Rc4 b5 46. Rc6+ Kb7 47. Rf6 a6 48. Ree6 Rc7 49. Rb6+ Kc8 50. Rxa6 Rc3+ 51. Kd2 Rc7 52. Rfb6 d3 53. Rxb5 Rc2+ 54. Kd1 Rxg2 55. Rc6+ Kd7 56. Rd5+ Kxc6 57. Rxd8 Rxa2 58. Rxd3 Rh2 59. Ke1 g5 60. Kf1 h6 61. Kg1 Rh4 62. Kg2 Kc5 63. Kg3 Kc4 64. Rd6 Kc5 65. Rd8 Rf4 66. Rd1 Rf6 67. Rd2 Kc6 68. Rd8 Rd6 69. Rh8 Kd5 70. Kg4 Ke5 71. Re8+ Kf6 72. Rf8+ Kg7 73. Rb8 Rd4+ 74. Kg3 Kg6 75. Rb6+ Kh5 76. Rb5 Rd1 77. Rc5 Rg1+ 78. Kh2 Rf1 79. Kg3 Ra1 80. Rb5 Ra2 81. Rc5 Ra4 82. Rb5 Ra3 83. Rc5 Kg6 84. Rc6+ Kf5 85. Rc5+ Kf6 86. Rc6+ Ke5 87. Rxh6 Kf5 88. Rb6 g4 89. Rb5+ Kf6 90. Kxg4 Ra6 91. f4 Kg7 92. Kg5 Kf7 93. f5 Kg7 94. Rb7+ Kf8 95. f6 Ra1 96. Kg6 Rg1+ 97. Kf5 Rf1+ 98. Ke6 Re1+ 99. Kd6 Rd1+ 100. Ke5 Re1+ 101. Kf5 Rf1+ 102. Kg6 Rg1+ 103. Kh7 Rh1+ 104. Kg6 Rg1+ 1/2-1/2

[Event "Titled Tuesday intern op 19th Sep Early"]
[Site "Chess.com INT"]
[Date "2023.09.19"]
[Round "5"]
[White "Fernandez, Maria Florencia"]
[Black "Smieszek, Wojciech"]
[Result "0-1"]
[WhiteElo "2099"]
[BlackElo "2118"]
[PlyCount "54"]
[EventDate "2023.09.19"]
[EventType "swiss (blitz)"]
[EventRounds "11"]
[EventCountry "USA"]
[SourceTitle "EXT 2024"]
[Source "ChessBase"]
[SourceDate "2023.10.10"]
[SourceVersion "1"]
[SourceVersionDate "2023.10.10"]
[SourceQuality "1"]

1. d4 Nf6 2. c4 c5 3. d5 e6 4. Nc3 exd5 5. cxd5 d6 6. e4 g6 7. f4 Bg7 8. Bb5+ Nfd7 9. Nf3 0-0 10. 0-0 a6 11. Be2 Re8 12. a4 c4 13. Bxc4 Nc5 14. e5 Nbd7 15. e6 Nf6 16. exf7+ Kxf7 17. Ng5+ Kg8 18. f5 Bxf5 19. Rxf5 gxf5 20. Bf4 Nfe4 21. Qh5 Nxg5 22. Bxg5 Qb6 23. Rf1 Ne4+ 24. Kh1 Nf2+ 25. Rxf2 Qxf2 26. h4 Re1+ 27. Kh2 Be5+ 0-1

[Event "Titled Tuesday intern op 19th Sep Early"]
[Site "Chess.com INT"]
[Date "2023.09.19"]
[Round "2"]
[White "Osmak, Iulija"]
[Black "Fernandez, Maria Florencia"]
[Result "1-0"]
[WhiteElo "2449"]
[BlackElo "2099"]
[PlyCount "81"]
[EventDate "2023.09.19"]
[EventType "swiss (blitz)"]
[EventRounds "11"]
[EventCountry "USA"]
[SourceTitle "EXT 2024"]
[Source "ChessBase"]
[SourceDate "2023.10.10"]
[SourceVersion "1"]
[SourceVersionDate "2023.10.10"]
[SourceQuality "1"]

1. e4 c5 2. Nf3 d6 3. Bb5+ Nd7 4. a4 a6 5. Be2 Ngf6 6. Nc3 g6 7. 0-0 Bg7 8. a5 0-0 9. d3 Nb8 10. Nd2 Nc6 11. Nc4 Be6 12. Nb6 Rb8 13. Ncd5 Bxd5 14. Nxd5 Nxd5 15. exd5 Nxa5 16. Bd2 b6 17. Ra2 Nb7 18. Rxa6 Ra8 19. Qa1 b5 20. c3 Na5 21. Rxa8 Qxa8 22. Qa2 Nb7 23. Ra1 Qc8 24. Qa6 Qd7 25. Qc6 Qxc6 26. dxc6 Nd8 27. Bf3 Ne6 28. Ra7 Bf6 29. g3 Kg7 30. Rb7 b4 31. cxb4 Bxb2 32. Rxe7 Nd4 33. Kg2 Rc8 34. Bd5 Nxc6 35. Rxf7+ Kh8 36. b5 Ne5 37. Ra7 Rb8 38. Bc4 Ng4 39. Bf4 Ne5 40. h4 Bd4 41. Re7 1-0

[Event "Titled Tuesday intern op 05th Sep Early"]
[Site "Chess.com INT"]
[Date "2023.09.05"]
[Round "8"]
[White "Floresvillar Gonzalez, Luis Miguel"]
[Black "Fernandez, Maria Florencia"]
[Result "0-1"]
[WhiteElo "2019"]
[BlackElo "2099"]
[PlyCount "108"]
[EventDate "2023.09.05"]
[EventType "swiss (blitz)"]
[EventRounds "11"]
[EventCountry "USA"]
[SourceTitle "EXT 2024"]
[Source "ChessBase"]
[SourceDate "2023.10.10"]
[SourceVersion "1"]
[SourceVersionDate "2023.10.10"]
[SourceQuality "1"]

1. d4 Nf6 2. c3 g6 3. Bg5 Bg7 4. Nd2 0-0 5. e4 d6 6. f4 h6 7. Bxf6 Bxf6 8. e5 dxe5 9. fxe5 Bg7 10. Ngf3 c5 11. Bc4 Nc6 12. d5 Nxe5 13. Nxe5 Bxe5 14. 0-0 Bg7 15. Ne4 b6 16. d6 Bb7 17. Qg4 Bxe4 18. Qxe4 Qxd6 19. Rad1 Qe5 20. Qxg6 e6 21. Rxf7 Rxf7 22. Bxe6 Qf6 23. Bxf7+ Qxf7 24. Qc6 Rf8 25. h3 Qf2+ 26. Kh1 Qg3 27. Qe6+ Kh8 28. Re1 Rf2 29. Qe8+ Kh7 30. Qe4+ Qg6 31. b4 cxb4 32. cxb4 Qxe4 33. Rxe4 Rxa2 34. g4 a5 35. bxa5 bxa5 36. h4 a4 37. Kg1 a3 38. Kf1 Ra1+ 39. Kg2 a2 40. Ra4 Kg6 41. Ra6+ Bf6 42. Kh2 Kf7 43. g5 hxg5 44. hxg5 Bxg5 45. Kg2 Ke7 46. Ra7+ Kd6 47. Ra6+ Kc7 48. Ra7+ Kb6 49. Ra4 Be7 50. Ra8 Kb5 51. Rb8+ Kc4 52. Rc8+ Kb3 53. Rb8+ Bb4 54. Ra8 Kb2 0-1

[Event "Titled Tuesday intern op 29th Aug Late"]
[Site "Chess.com INT"]
[Date "2023.08.29"]
[Round "9"]
[White "Fernandez, Maria Florencia"]
[Black "Fernandez Bustamante, Leancy B"]
[Result "1-0"]
[WhiteElo "2060"]
[BlackElo "2059"]
[PlyCount "165"]
[EventDate "2023.08.29"]
[EventType "swiss (blitz)"]
[EventRounds "11"]
[EventCountry "USA"]
[SourceTitle "EXT 2024"]
[Source "ChessBase"]
[SourceDate "2023.10.10"]
[SourceVersion "1"]
[SourceVersionDate "2023.10.10"]
[SourceQuality "1"]

1. d4 c5 2. d5 d6 3. c4 e5 4. Nc3 Nf6 5. e4 g6 6. Be3 Bg7 7. f3 Na6 8. Qd2 Nc7 9. g4 a6 10. h4 h5 11. g5 Nd7 12. a4 Rb8 13. Bd3 Kf8 14. Nge2 Kg8 15. Ng3 Nf8 16. Nf5 gxf5 17. exf5 e4 18. Bxe4 Bxc3 19. Qxc3 Nd7 20. Bf4 Qe7 21. 0-0-0 b5 22. Rhg1 bxc4 23. g6 f6 24. Rde1 Ne5 25. Bxe5 dxe5 26. d6 Qxd6 27. Qxc4+ Ne6 28. Bd5 Kg7 29. Bxe6 Qb6 30. Rg2 Bxe6 31. fxe6 Qb4 32. Re4 Qb3 33. Qxb3 Rxb3 34. Rc4 Rc8 35. e7 Rb7 36. e8Q Rxe8 37. Rxc5 Ree7 38. Rc6 Rb4 39. Rxa6 Rxh4 40. a5 Rc4+ 41. Kb1 h4 42. Rb6 Ra4 43. a6 h3 44. Rh2 Kxg6 45. Rxh3 Ra7 46. Rg3+ Kf5 47. b4 R4xa6 48. Rb8 Ra1+ 49. Kb2 R7a2+ 50. Kb3 Ra3+ 51. Kc4 Kf4 52. Rg6 Rc1+ 53. Kb5 f5 54. Rf6 Rb3 55. Rbf8 Rcb1 56. Rxf5+ Ke3 57. Rxe5+ Kf2 58. Re4 Rxf3 59. Rxf3+ Kxf3 60. Re8 Kf4 61. Kc5 Rc1+ 62. Kb6 Kf5 63. b5 Kf6 64. Ka7 Ra1+ 65. Kb7 Kf7 66. Re2 Rb1 67. b6 Rc1 68. Kb8 Rb1 69. b7 Rc1 70. Re5 Kf6 71. Ra5 Ke6 72. Ka7 Rc7 73. Rb5 Kd6 74. Ka8 Kc6 75. Rb1 Rh7 76. b8Q Rh5 77. Rc1+ Rc5 78. Qb7+ Kd6 79. Rxc5 Ke6 80. Ka7 Kd6 81. Qb6+ Kd7 82. Rc7+ Kd8 83. Qb8# 1-0

[Event "Titled Tuesday intern op 22nd Aug Late"]
[Site "Chess.com INT"]
[Date "2023.08.22"]
[Round "4"]
[White "Fernandez, Maria Florencia"]
[Black "Guzman Lozano, Campo Elias"]
[Result "0-1"]
[WhiteElo "2060"]
[BlackElo "1924"]
[PlyCount "76"]
[EventDate "2023.08.22"]
[EventType "swiss (blitz)"]
[EventRounds "11"]
[EventCountry "USA"]
[SourceTitle "EXT 2024"]
[Source "ChessBase"]
[SourceDate "2023.10.10"]
[SourceVersion "1"]
[SourceVersionDate "2023.10.10"]
[SourceQuality "1"]

1. d4 Nf6 2. c4 c5 3. d5 b5 4. cxb5 a6 5. bxa6 g6 6. a7 Rxa7 7. Nc3 Bg7 8. e4 d6 9. Nf3 Nbd7 10. Be2 0-0 11. 0-0 Ba6 12. a4 Bxe2 13. Qxe2 Ng4 14. Nb5 Ra8 15. Ra3 h5 16. b3 Qb8 17. Bb2 Nge5 18. Nxe5 Bxe5 19. Bxe5 Nxe5 20. f4 Ng4 21. h3 Nf6 22. f5 g5 23. Rf3 Kh7 24. Rg3 Rg8 25. Qe3 Qb6 26. Kh1 Nd7 27. Rxg5 Rxg5 28. Qxg5 Nf6 29. Ra1 Rg8 30. Qf4 Qa5 31. Qe3 Qb4 32. Re1 c4 33. bxc4 Qxa4 34. Rc1 Qa2 35. Qf3 Qd2 36. Rf1 h4 37. Na7 Rg3 38. Qf4 Qxg2# 0-1